Radio Custia selected 2011

Další autoři: Verandi, Mario, 1960-, Dancer, Andrea, Kindernay, Michal, 1978-, Novotný, Pavel, 1976-, Trojan, Jan, 1982-
Jazyk: Nelze použít, není lingvistický obsah
Vydáno: [Praha] : Český rozhlas, c2012
Témata:
Fyzický popis: 1 zvuková deska (79:38) : digital ; 12 cm
Zvukové nahrávky
Uloženo v:
LEADER 01311njm a2200337 a 4500
001 001225509
003 CZ BrMZK
005 20161005152340.0
007 sd fsngnnmmned
008 120622s2012 xr zzn g e zxx d
040 |a BOA001  |b cze 
072 7 |a 78  |x Hudba  |2 Konspekt  |9 9 
080 |a 789.983  |2 MRF 
080 |a (086.76)  |2 MRF 
245 0 0 |a Radio Custia selected 2011  |h [zvukový záznam] 
260 |a [Praha] :  |b Český rozhlas,  |c c2012 
300 |a 1 zvuková deska (79:38) :  |b digital ;  |c 12 cm 
306 |a 011938 
500 |a Kompaktní deska 
505 0 0 |t Noise networks /  |r Mario Verandi --  |t Walking sound /  |r Andrea Dancer ; Michal Kindernay --  |t Tramvestie /  |r Pavel Novotný --  |t Ultreia - el diaro del peregrino /  |r Jan Trojan 
650 0 7 |a elektroakustická hudba  |7 ph119864  |2 czenas 
655 7 |a kompaktní desky  |7 fd201991  |2 czenas 
700 1 |a Verandi, Mario,  |d 1960-  |7 pna2013787210  |4 aut 
700 1 |a Dancer, Andrea  |7 mzk2013775111  |4 aut 
700 1 |a Kindernay, Michal,  |d 1978-  |7 jo2009207097  |4 aut 
700 1 |a Novotný, Pavel,  |d 1976-  |7 xx0004464  |4 aut 
700 1 |a Trojan, Jan,  |d 1982-  |7 mzk2008473040  |4 aut 
910 |a BOA001  |b CDR-1286.236 
990 |a MU 
991 |b 201207  |g g 
996 6 |b 2610515031  |c CDR-1286.236  |l MZK  |r Sklad / do 24 hodin  |n 0  |p p.v.  |w 001260728  |u 000010  |a 1  |e BOA001  |j MZK50  |s P